| 000 | 00483nam a22001697a 4500 | ||
|---|---|---|---|
| 005 | 20251108175317.0 | ||
| 008 | 250721s2014 xx 000 0 ara d | ||
| 082 | 1 | 4 | _a922.12/ عبه |
| 100 | 1 | _aعبهري، كمال جبري | |
| 245 | 1 | 0 | _aالزمخشري : سيرته - مذهبه النحوي / |
| 264 | 1 |
_aعمان : _bدار الجنان، _c2014. |
|
| 300 | _a413ص. | ||
| 650 | 1 | 7 | _aالتراجم |
| 650 | 1 | 7 | _aاللغويين |
| 942 |
_2ddc _cBK |
||
| 999 |
_c131149 _d131149 |
||